000 00356nam a2200109Ia 4500
008 220216s9999 xx 000 0 und d
100 _aBrichta A M
245 0 _aLumped parameter model for milling rubber
260 _bProceedings of the International Rubber Conference, Kuala Lumpur, Malaysia, V.2. 1985; p592-609
650 _aRubber milling
942 _cJS
999 _c62334
_d62334